| 000 | 05956cam a22014054i 4500 | ||
|---|---|---|---|
| 003 | PE-LiUPU | ||
| 005 | 20250813185424.0 | ||
| 008 | 180917s2016 sp a rb 000 0 spa d | ||
| 020 | _a8491044337 | ||
| 020 | _a9788491044338 | ||
| 035 | _a(Sirsi) a250071 | ||
| 040 |
_aPE-LiUPU _bspa _cPE-LiUPU _erda |
||
| 049 | _aPRUA | ||
| 082 | 0 | 4 |
_a316.6 _bA42 _220 |
| 082 | 0 | 4 |
_a316.6 _bR75 2016 |
| 082 | 0 | 4 |
_a302 _bE9 _220 |
| 100 | 1 |
_aRodríguez Pérez, Armando, _eautor. |
|
| 245 | 0 | 0 |
_a50 experimentos imprescindibles para entender la psicología social / _cArmando Rodríguez Pérez (coordinador) [y otros tres]. |
| 246 | 3 | _aCincuenta experimentos imprescindibles para entender la psicología social | |
| 264 | 1 |
_aMadrid: _bAlianza, _c2016. |
|
| 300 |
_a268 páginas : _bilustraciones ; _c24 centímetros |
||
| 336 |
_atext _2rdacontent |
||
| 337 |
_aunmediated _2rdamedia |
||
| 338 |
_avolume _2rdacarrier |
||
| 504 | _aBibliografía: páginas 263-268. | ||
| 505 | 0 | _aA.El yo -- 1. La organización del autoconcepto -- 2. Fuentes de información del autoconcepto -- 3. El papel de la autoestima -- 4. La autorregulación -- 5. La complejidad del yo -- 6. Los sesgos que protegen el yo -- Experimentos -- B. Cognición social -- 1. El procesamiento de la información social -- 2. Accesibilidad de la información en los juicios -- 3. La memoria de información social -- 4. Procesamiento no consciente -- Experimentos -- C. Motivación y emoción 1. Una teoría de la emoción entre James-Lange y Cannon-Bard -- 2. Emoción y memoria -- 3. Emoción yjuicios -- 4. Motivación intrínseca, motivación extrínseca y autoeficacia -- Experimentos -- D. Percepción personal -- 1. La formación de impresiones -- 2. Los sesgos en la percepción de los demás: error fundamental de atribución y falso consenso -- 3. El efecto priming en la percepción de individuos -- 4. Las consecuencias de nuestra percepción en la conducta de los demás: la confirmación conductual -- E. Percepción de grupos -- 1. Categorización social -- 2. Teoría de la identidad social -- 3. Procesos de estereotipia -- Experimentos -- F.6. Actitudes y cambio de actitudes -- 1. La formación de las actitudes -- 2. La relación de las actitudes con la conducta -- 3. La medida implícita de las actitudes -- 4. El cambio de las actitudes -- 5. La disonancia cognitiva -- Experimentos. | |
| 526 | _aP202 | ||
| 526 | _aP201 | ||
| 526 | _aP163 | ||
| 526 | _aP162 | ||
| 526 | _aP161 | ||
| 526 | _aP160 | ||
| 526 | _aP148 | ||
| 526 | _aP147 | ||
| 526 | _aP146 | ||
| 526 | _aP145 | ||
| 526 | _aP144 | ||
| 526 | _aP143 | ||
| 526 | _aP142 | ||
| 526 | _aP141 | ||
| 526 | _aP140 | ||
| 526 | _aP139 | ||
| 526 | _aP138 | ||
| 526 | _aP137 | ||
| 526 | _aP136 | ||
| 526 | _aP135 | ||
| 526 | _aP134 | ||
| 526 | _aP133 | ||
| 526 | _aP129 | ||
| 526 | _aP128 | ||
| 526 | _aP127 | ||
| 526 | _aP120 | ||
| 526 | _aP119 | ||
| 526 | _aP118 | ||
| 526 | _aP116 | ||
| 526 | _aP115 | ||
| 526 | _aP114 | ||
| 526 | _aP110 | ||
| 526 | _aP109 | ||
| 526 | _aP108 | ||
| 526 | _aP104 | ||
| 526 | _aP103 | ||
| 526 | _aP102 | ||
| 526 | _aP99 | ||
| 526 | _aP98 | ||
| 526 | _aP97 | ||
| 526 | _aP96 | ||
| 526 | _aP95 | ||
| 526 | _aP93 | ||
| 526 | _aP90 | ||
| 526 | _aP89 | ||
| 526 | _aP88 | ||
| 526 | _aP83 | ||
| 526 | _aP82 | ||
| 526 | _aP62 | ||
| 526 | _aP59 | ||
| 526 | _aP58 | ||
| 526 | _aP57 | ||
| 526 | _aP51 | ||
| 526 | _aP49 | ||
| 526 | _aP48 | ||
| 526 | _aP47 | ||
| 526 | _aP29 | ||
| 526 | _aP24 | ||
| 526 | _aP20 | ||
| 526 | _aP19 | ||
| 526 | _aP17 | ||
| 526 | _aP15 | ||
| 526 | _aP14 | ||
| 526 | _aP12 | ||
| 526 | _aP10 | ||
| 526 | _aP09 | ||
| 526 | _aP08 | ||
| 526 | _aP07 | ||
| 526 | _aP06 | ||
| 526 | _aP05 | ||
| 526 | _aP04 | ||
| 526 | _aP01 | ||
| 541 | _g002-0000300; | ||
| 541 | _g001-003638; | ||
| 541 | _gF00-00002252; | ||
| 541 | _gF002-00000791; | ||
| 541 | _gF002-00001570; | ||
| 650 | 0 | 4 |
_aPsicología social _xInvestigación. |
| 910 |
_tqv _d20180917 |
||
| 910 |
_agvs _d20180905 |
||
| 910 |
_adbm _bjpc _cjpc _d20190311 |
||
| 910 |
_abgr _bksl _cksl _d20190815 |
||
| 942 |
_2ddc _cBOOK |
||
| 949 |
_a316.6 A42 2016 _wDEWEY _c1 _iFJ11598 _lCCODEBUJ1 _mBUJ _p29.00 _r0 _sY _tBOOK _u2018-09-17 _xFSALUD _zPSICOLOGÍA _0COMPRA _o.STAFF. Colección General Juliaca |
||
| 949 |
_a316.6 A42 2016 _wDEWEY _c1 _iFT03781 _lCCODEBUT1 _mBUT _p40.00 _r0 _sY _tBOOK _u2022-03-28 _xFSALUD _zPSICOLOGÍA _0COMPRA _o.STAFF. Colección General Tarapoto |
||
| 949 |
_a316.6 A42 2016 _wDEWEY _c1 _iFT04241 _lCCODEBUT1 _mBUT _p40.00 _r0 _sY _tBOOK _u2022-03-28 _xFSALUD _zPSICOLOGÍA _0COMPRA _o.STAFF. Colección General Tarapoto |
||
| 994 |
_aC0 _bPEPRU |
||
| 596 | _a1 2 3 | ||
| 999 |
_a316.6 A42 2016 _wDEWEY _c29587 _iFJ11598 _d29587 _e2019-8-28 _f2022-1-18 _g3 _lCCODEBUJ1 _mBUJ _n3 _p29.00 _q7 _r0 _sY _tBOOK _u2018-9-17 _xSALUD _zP33 _0COMPRA _1FCOMPRA _o.STAFF. Colección General Juliaca |
||
| 999 |
_a316.6 R75 2016 _wDEWEY _c1 _iFT03781 _lCCODEBUT1 _mBUT _r0 _sY _tBOOK _u2019-3-11 _xSALUD _zP33 _0COMPRA _o.STAFF. Colección General Tarapoto |
||
| 999 |
_a316.6 R75 2016 _wDEWEY _c2 _iFT04241 _lCCODEBUT1 _mBUT _p40.00 _r0 _sY _tBOOK _u2022-3-28 _xSALUD _PP33 _0COMPRA _1FCOMPR4 |
||
| 999 |
_a302 E9 _wDEWEY _c1 _i79898 _d2019-3-29 _e2019-3-28 _f2021-11-3 _g3 _lCCODEBUL1 _mBUL _n1 _p27.00 _r0 _sY _tBOOK _u2019-3-11 _xSALUD _zP33 _0COMPRA _1FCOMPR2 _o.STAFF. Colección Ciencias de la Salud |
||
| 999 |
_a302 E9 _wDEWEY _c2 _i80620 _d2019-8-16 _f2021-11-3 _g3 _lCCODEBUL1 _mBUL _p25.91 _q1 _r0 _sY _tBOOK _u2019-8-15 _xSALUD _zP33 _0COMPRA _1FCOMPR3 _o.STAFF. Colección Ciencias de la Salud |
||
| 980 |
_81 _gALBERTO SANCHEZ Responsable de Automatización |
||